000 00509nam a2200181Ia 4500
999 _c29121
_d29121
003 OSt
005 20201124120040.0
008 190216s9999||||xx |||||||||||||| ||und||
020 _a9788126415625
040 _coclc
082 _a920
_bSAN/B
100 _aSanu, M K
_96752
245 0 _aBasheer :
_b Ekantha Veedhiyile Avadhoothan /
_cM K Sanu
260 _bD C Books,
_aKottayam:
_c2007.
300 _a226p
650 _aJeeva Charithram
942 _cBK
_2ddc
_h920
_iSAN/B
_k920
_mSAN/B